| Поле | Название | Значение |
| |
Тип записи |
a |
| |
Библиографический уровень |
m |
| 001 |
Контрольный номер |
RU/REG73/CBS_GRAD/7e80e176847d4c61b58ced3feb3f93d5 |
| 005 |
Дата корректировки |
20260325115226.6 |
| 010 |
Индекс ISBN |
__ |
| a |
ISBN |
5-88060-054-0 |
| d |
Цена |
100 р. 00 к. |
| b |
Уточнения |
в пер. |
| 9 |
Тираж |
5000 экз. |
| 100 |
Данные общей обработки |
__ |
| a |
Данные общей обработки |
20260325d2006 ||| 0rusy0189 ca |
| 101 |
Язык документа |
0_ |
| a |
Язык текста |
rus |
| 102 |
Страна публикации |
__ |
| a |
Страна публикации |
RU |
| 105 |
Кодированные данные (монография) |
__ |
| a |
Кодированные данные (монография) |
y###||||000|y |
| 200 |
Заглавие и сведения об ответственности |
1_ |
| a |
Заглавие |
Прикосновение к тайнам Царства Божия |
| e |
Сведения, относящиеся к заглавию |
размышления для боголюбивой души, ищущей спасения, изложенные в виде исповеди по Беседам великих русских старцев |
| b |
Общее обозначение материала |
Текст |
| f |
Первые сведения об ответственности |
Г. Нефедов (протоиерей) |
| 210 |
Выходные данные |
1_ |
| a |
Место издания |
Москва |
| c |
Издательство |
Паломник |
| d |
Дата издания |
2014 |
| 215 |
Физическое описание |
__ |
| a |
Объем |
592 с. |
| d |
Формат |
21 см. |
| 606 |
Тематические рубрики |
1_ |
| a |
Основная рубрика |
Православная этика - Нравственное богословие |
| 610 |
Ключевые слова |
1_ |
| a |
Ключевые слова |
семья |
| a |
Ключевые слова |
церковь |
| a |
Ключевые слова |
культура христианская |
| a |
Ключевые слова |
нравственность |
| a |
Ключевые слова |
богословие нравственное |
| 686 |
Индексы других классификаций |
__ |
| a |
Классификационный индекс |
86.372-43 |
| 2 |
Код системы |
rubbk |
| 700 |
Автор |
_1 |
| a |
Фамилия |
Нефедов |
| b |
Имя (инициалы) |
Геннадий (протоиерей) |
| 801 |
Источник записи |
_0 |
| a |
Страна |
RU |
| b |
Организация |
RuCBSGrad |
| c |
Дата составления |
20260325 |
| g |
Правила каталогизации |
RCR |
| 801 |
Источник записи |
_1 |
| a |
Страна |
RU |
| b |
Организация |
RuCBSGrad |
| c |
Дата составления |
20260325 |
| g |
Правила каталогизации |
RCR |
| 852 |
Данные о местонахождении |
__ |
| a |
Наименование организации |
МБУК ЦБС г. Димитровграда |
| i |
Авторский знак |
Н 58 |
| z |
Тип записи |
R |
| 901 |
Тип документа |
__ |
| t |
Тип документа |
m |
| 909 |
Создатель записи |
__ |
| a |
Создатель записи |
Тенигина |
| b |
Дата создания записи |
20260325 |